00402nam a2200169Ia 4500008004100000020001800041245003800059245001600097260001500113260001600128260000900144300001600153300002500169300001000194500000900204999001900213170705s9999 xx 000 0 und d a9780385751537 4aThe boy in the stripped pajamas / cJohn Boyne. aNew York : bScholastic, c2006 a215 pages : bcolor illustration ; c20cm. a1080 c336681d336681